| 000 | 01022nam a22002295i 4500 | ||
|---|---|---|---|
| 001 | 160565 | ||
| 003 | ES-MaACL | ||
| 005 | 20230906212055.0 | ||
| 008 | 990706s1879 sp a |||| | spa d | ||
| 080 | _a631.541 | ||
| 080 | _a631.542 | ||
| 100 | 1 |
_aNavarro Soler, Diego. _9130405 |
|
| 245 | 1 | 0 |
_aIngerto [sic], poda y formación de los árboles y vides con las nociones indispensables de botánica y fisiología vegetal para comprender el fundamento de las operaciones / _cpor D. Diego Navarro Soler. |
| 260 |
_aMadrid : _b[s.n.], _c1879 ( _fEstab. Tip. de P. Núñez) |
||
| 300 |
_a240 p. : _bil. ; _c18 cm. |
||
| 530 | _aDisponible en formato digital. | ||
| 599 | _aEn port.: Obra ilustrada con 170 magníficos grabados | ||
| 650 | 4 |
_aInjertos. _9153746 |
|
| 650 | 4 |
_aPoda. _9153747 |
|
| 852 | 4 |
_aES-MaACL _jG-7867 _z- Enc. hol., conservando cub. original |
|
| 856 | 4 |
_uhttp://bibliotecadigitalhispanica.bne.es:80/webclient/DeliveryManager?pid=1630953&custom_att_2=simple_viewer _zBiblioteca Digital Hispánica |
|
| 999 |
_c160565 _d160565 |
||